000 00481nam a22001577a 4500
999 _c130357
_d130357
008 200212b ||||| |||| 00| 0 eng d
020 _a9780415487870
050 _aB2430.B43 L16 1989
100 _aLacey, A.R.
_949522
245 _aBergson
_bthe arguments of the philosophers
_cA.R. Lacey
260 _aLondon
_bRoutledge
_c1989
300 _ax, 241p. ;
_c24cm.
440 _aThe arguments of the philosophers
_949216
600 _aBerson, Henri
_949523
942 _2lcc
_cMONOGRAPH